| 000 | 00541nam a2200205Ia 4500 | ||
|---|---|---|---|
| 005 | 20260429112131.0 | ||
| 008 | 260429s9999||||xx |||||||||||||| ||und|| | ||
| 020 | _a9780367474492 | ||
| 041 | _aEnglish | ||
| 082 |
_a519.2 _bMUK |
||
| 100 | _aMukhopadhyay, Nitis | ||
| 245 | 0 |
_aProbability and statistical inference / _cNitis Mukhopadhyay |
|
| 250 | _a1st ed. | ||
| 260 |
_aBoca Raton : _bCRC Press, _c2025. |
||
| 300 | _axviii, 665 p.; pbk | ||
| 650 | _a Inference | ||
| 650 | _a Probability | ||
| 650 | _aStatistics | ||
| 942 | _cTB | ||
| 999 |
_c52520 _d52520 |
||